000 00454nam a2200169 i 4500
001 bg
100 1 _aZiółko, Jerzy
_d(1934- ).
245 0 _aUtrzymanie i modernizacja konstrukcji stalowych /
_cJ. Ziółko.
260 _aWarszawa :
_bArkady,
_c1991.
650 9 _aKonstrukcje stalowe
655 _aPodręczniki akademickie
040 _cBPK
041 _apol
080 _a624.014(075.8)
942 _cKS
008 s pl f |000 0 pol
999 _c4707
_d4707
856 _uhttp://koha.tu.koszalin.pl/cgi-bin/koha/opac-detail.pl?biblionumber=4707
_yKatalog online BPK